000 00514nam a2200169 i 4500
001 78952
003 ES-MaACL
005 20230906173849.0
007 t|
008 041018s1946 sp ||||1| spa d
100 1 _aHeredia, Carlos María de.
_962687
245 1 4 _aLos fraudes espirituales y los fenómenos metapsíquicos /
_cpor Carlos M. de Heredia.
250 _a1ª ed.
260 _aBarcelona :
_bHerder,
_c1946 (
_fGrafos)
300 _aX, 405 p., 12 lám. ;
_c18 cm.
852 _aES-MaACL
_jD-9246
_bR.34763
999 _c78952
_d78952